Návrh a realizácia riadiaceho systému lisu na nábytok

Na minha lista:
Detalhes bibliográficos
Autor principal: Višňovský, Adrián (Author)
Outros Autores: Nemlaha, Eduard (Thesis advisor)
Formato: Manuscrito Livro
Idioma:eslovaco
Publicado em: 2025
Assuntos:
Acesso em linha:http://is.stuba.sk/zp/portal_zp.pl?podrobnosti=176749
Tags: Adicionar Tag
Sem tags, seja o primeiro a adicionar uma tag!

MARC

LEADER 00000ntm a22000003a 4500
001 stuzp104059
003 SK-STU
005 20250628211142.5
007 ta
008 150427s2015----xo-----f-mn---000-0-slo-d
040 |a STU  |b slo 
041 0 |a slo 
100 1 |a Višňovský, Adrián  |u 066000  |4 aut  |U MTF Materiálovotechnologická fakulta  |T MTF Ústav aplikovanej informatiky, automatizácie a mechatroniky  |X 121837  |U M6000  |Y 86  |7 121837 
242 0 1 |a Design and implementation of the furniture press control system  |y eng 
245 1 0 |a Návrh a realizácia riadiaceho systému lisu na nábytok 
260 |c 2025 
650 4 |a riadiaci systém  |2 slo 
650 4 |a poloautomatický lis  |2 slo 
650 4 |a Siemens  |2 slo 
650 4 |a TIA Portal  |2 slo 
650 4 |a PLC  |2 slo 
650 4 |a HMI  |2 slo 
650 4 |a vizualizácia  |2 slo 
650 4 |a automatizácia  |2 slo 
650 4 |a Lenze  |2 slo 
650 4 |a frekvenčný menič  |2 slo 
650 4 |a HMI  |2 eng 
650 4 |a automation  |2 eng 
650 4 |a Lenze  |2 eng 
650 4 |a frequency inverter  |2 eng 
650 4 |a control system  |2 eng 
650 4 |a semi-automatic press  |2 eng 
650 4 |a Siemens  |2 eng 
650 4 |a TIA Portal  |2 eng 
650 4 |a PLC  |2 eng 
650 4 |a visualization  |2 eng 
700 1 |a Nemlaha, Eduard  |u 066000  |k Z1  |4 ths  |U MTF Materiálovotechnologická fakulta  |T MTF Ústav aplikovanej informatiky, automatizácie a mechatroniky  |X 2759  |U M6000  |Y 86  |7 A000002759 
856 4 |u http://is.stuba.sk/zp/portal_zp.pl?podrobnosti=176749 
996 |c M* BP-10049  |l MMSKP  |s P  |a 0  |w stuzp104059_0001